| 000 | 00406nam a2200145 a 4500 | ||
|---|---|---|---|
| 001 | 000042294 | ||
| 005 | 20201002040048.0 | ||
| 008 | 131122s2013 cu 000 0 spa d | ||
| 020 | _a9789591108388 | ||
| 040 |
_aDO-SdBNP _bspa _cBNPHU |
||
| 100 | 1 |
_aCarrera, Félix _969343 |
|
| 245 | 1 | 3 |
_aLa vida al otro lado / _cFélix Carrera. |
| 260 |
_aSantiago de Cuba : _bOriente, _c2013. |
||
| 300 |
_a203 p. ; _c20 cm. |
||
| 999 |
_c41783 _d41783 |
||